000 00643nam a2200181Ia 4500
005 20260429112200.0
008 260429s9999||||xx |||||||||||||| ||und||
020 _a9789386221308
041 _aHindi
082 _a294.592
_bKHA
100 _aखन्ना, शिवनारायण
245 0 _aरष्ट्रीय एकता का सबल सूत्र :
_bरामचरितमानस /
_cशिवनारायण खन्ना
250 _arep.
260 _aनई दिल्ली :
_bमैनाकिन प्रेस,
_c2026.
300 _aviii, 185 p.; Hb
650 _aReligion
942 _cTB
999 _c52771
_d52771